| 000 | 00393nam a2200133Ia 4500 | ||
|---|---|---|---|
| 008 | 220217s9999||||xx |||||||||||||| ||und|| | ||
| 020 | _a978-81-2614-587-4 | ||
| 082 | _a621.381 PED | ||
| 100 | _aPedroni, Volnei, A | ||
| 245 | 0 | _aDigital electronics and design with VHDL | |
| 260 |
_aElsevier Academic press _bNew Delhi _c2008 |
||
| 300 |
_aXXI,693p.;28cm _b425 |
||
| 650 | _aELECTRONICS | ||
| 999 |
_c181154 _d181154 |
||